Normal view
MARC view
- الانتاج-صناعة الملابس
Entry Topical Term
001 - CONTROL NUMBER
- control field: 17333
003 - CONTROL NUMBER IDENTIFIER
- control field: JO-AjAnu
005 - DATE AND TIME OF LATEST TRANSACTION
- control field: 20230606073049.0
008 - FIXED-LENGTH DATA ELEMENTS
- fixed length control field: 230606|| aca||aabn | a|a d
040 ## - CATALOGING SOURCE
- Original cataloging agency: JO-AjAnu
- Transcribing agency: JO-AjAnu
150 ## - HEADING--TOPICAL TERM
- Topical term or geographic name entry element: الانتاج-صناعة الملابس
670 ## - SOURCE DATA FOUND
- Source citation: Work cat.: (JO-AjAnu)8899: صبابحة،صفاء صبح, author 17332, سلسلة القيم في صناعة الملابس في الأردن : دراسة في الجغرافية الاقتصادية